How the United States and japan see each other's economy : An exchange of views between the American and Japanese committees for economic development
Uloženo v:
| Hlavní autor: | |
|---|---|
| Médium: | Kniha |
| Jazyk: | Undetermined |
| Vydáno: |
New York
Committee for Economic Development
1974
|
| Tagy: |
Přidat tag
Žádné tagy, Buďte první, kdo otaguje tento záznam!
|
| Thư viện lưu trữ: | Trung tâm Học liệu Trường Đại học Cần Thơ |
|---|
| LEADER | 00582nam a2200169Ia 4500 | ||
|---|---|---|---|
| 001 | CTU_79442 | ||
| 008 | 210402s9999 xx 000 0 und d | ||
| 082 | |a 330.9 | ||
| 082 | |b F828 | ||
| 100 | |a Frank, Isaiah | ||
| 245 | 0 | |a How the United States and japan see each other's economy : | |
| 245 | 3 | |b An exchange of views between the American and Japanese committees for economic development | |
| 245 | 0 | |c Isaiah Frank, Rvokichi Hirono | |
| 260 | |a New York | ||
| 260 | |b Committee for Economic Development | ||
| 260 | |c 1974 | ||
| 980 | |a Trung tâm Học liệu Trường Đại học Cần Thơ | ||